<?xml version="1.0" encoding="UTF-8"?>
<record
    xmlns:xsi="http://www.w3.org/2001/XMLSchema-instance"
    xsi:schemaLocation="http://www.loc.gov/MARC21/slim http://www.loc.gov/standards/marcxml/schema/MARC21slim.xsd"
    xmlns="http://www.loc.gov/MARC21/slim">

  <leader>00738nam a22002057a 4500</leader>
  <controlfield tag="008">190917b           ||||| |||| 00| 0 eng d</controlfield>
  <datafield tag="017" ind1=" " ind2=" ">
    <subfield code="a">2009 - 3734 </subfield>
  </datafield>
  <datafield tag="020" ind1=" " ind2=" ">
    <subfield code="a">9789784816960</subfield>
  </datafield>
  <datafield tag="040" ind1=" " ind2=" ">
    <subfield code="a">NLN</subfield>
    <subfield code="b">English</subfield>
  </datafield>
  <datafield tag="050" ind1=" " ind2=" ">
    <subfield code="a">DT515.77.A315 </subfield>
    <subfield code="b">O34</subfield>
  </datafield>
  <datafield tag="082" ind1=" " ind2=" ">
    <subfield code="a">923.6669</subfield>
  </datafield>
  <datafield tag="100" ind1=" " ind2=" ">
    <subfield code="a">OGENE, Justina Nkechi</subfield>
    <subfield code="e">aut</subfield>
    <subfield code="9">1756</subfield>
  </datafield>
  <datafield tag="245" ind1=" " ind2=" ">
    <subfield code="a">The life and times of a patriarch :</subfield>
    <subfield code="b">biography of late sir Emmanuel Ogayi Akpagu /</subfield>
    <subfield code="c">Justina Nkechi Ogene</subfield>
  </datafield>
  <datafield tag="260" ind1=" " ind2=" ">
    <subfield code="a">Surulere, Lagos State ( 19, Abiola Alao Street, Ijeshatedo ) :</subfield>
    <subfield code="b">Weaverbirds,</subfield>
    <subfield code="c">2008</subfield>
  </datafield>
  <datafield tag="300" ind1=" " ind2=" ">
    <subfield code="a">xiv, 125p. : </subfield>
    <subfield code="b">ports. (some col.) ; 20cm.</subfield>
  </datafield>
  <datafield tag="563" ind1=" " ind2=" ">
    <subfield code="a">(Pbk)</subfield>
  </datafield>
  <datafield tag="650" ind1=" " ind2=" ">
    <subfield code="a">AKPAGU, Emmanuel Ogayi, 1936 - 1994</subfield>
    <subfield code="9">2224</subfield>
  </datafield>
  <datafield tag="650" ind1=" " ind2=" ">
    <subfield code="a">Phianthropists</subfield>
    <subfield code="v">Nigeria </subfield>
    <subfield code="x">Biography</subfield>
    <subfield code="9">38002</subfield>
  </datafield>
  <datafield tag="942" ind1=" " ind2=" ">
    <subfield code="c">BK</subfield>
  </datafield>
  <datafield tag="999" ind1=" " ind2=" ">
    <subfield code="c">812</subfield>
    <subfield code="d">812</subfield>
  </datafield>
  <datafield tag="952" ind1=" " ind2=" ">
    <subfield code="0">0</subfield>
    <subfield code="1">0</subfield>
    <subfield code="2">lcc</subfield>
    <subfield code="4">0</subfield>
    <subfield code="7">0</subfield>
    <subfield code="a">ABJ</subfield>
    <subfield code="b">MAIN</subfield>
    <subfield code="d">2019-09-17</subfield>
    <subfield code="i">118522</subfield>
    <subfield code="l">0</subfield>
    <subfield code="o">DT515.77.A315 O34</subfield>
    <subfield code="p">2019-2154</subfield>
    <subfield code="r">2019-09-17 00:00:00</subfield>
    <subfield code="y">BK</subfield>
  </datafield>
  <datafield tag="952" ind1=" " ind2=" ">
    <subfield code="0">0</subfield>
    <subfield code="1">0</subfield>
    <subfield code="2">lcc</subfield>
    <subfield code="4">0</subfield>
    <subfield code="7">0</subfield>
    <subfield code="a">LAG</subfield>
    <subfield code="b">MAIN</subfield>
    <subfield code="d">2019-09-17</subfield>
    <subfield code="i">118521</subfield>
    <subfield code="l">0</subfield>
    <subfield code="o">DT515.77.A315 O34</subfield>
    <subfield code="p">2019-2155</subfield>
    <subfield code="r">2019-09-17 00:00:00</subfield>
    <subfield code="y">BK</subfield>
  </datafield>
</record>
